000 01467nam a22002538a 4500
008 160210s2016 ck grl 00010dspa d
020 _a9789583510953
040 _aCO-JMCR
_bspa
_cCO-JMCR
_dCO-JMCR
_erda
082 0 4 _a345
_bB386c
_223
100 1 _aBeccaria, Cesare Bonesana,
_d1738-1794.
_944015
245 1 0 _aDe los delitos y de las penas /
_cCesare Beccaria ; estudio preliminar Luigi Ferrajoli.
250 _aQuinta edición.
260 _aBogotá :
_bEditorial Temis,
_c2016.
300 _a102 páginas ;
_c21 cm.
520 3 _aSu libro fue exaltado por Voltaire, por Diderot, por la academia de Berna, y hasta por Catalina de rusia, quien influyó para que el gobierno austríaco ( por los tratados de Utrecht los hasburgos mandaban entonces en el milanesado) lo nombrara profesor de economía pública en milán, Además, marcó el comienzo de una reforma fundamental de la justicia punitiva, iniciada en 1784 por María Teresa con la abolición de la tortura y proseguida en 1853 con la abolición de la pena de muerte en Toscana, ejemplo que fue después seguido por todos los códigos de los países civilizados.
650 1 4 _yObras hasta 1800.
_944016
650 2 4 _944017
650 2 4 _944018
650 2 4 _944019
650 2 4 _vTeorías
_944020
650 2 4 _98381
700 1 _aFerrajoli, Luigi,
_d1940-
_944021
999 _c30926
_d17310